000 00531nam a2200193Ia 4500
005 20250923144732.0
008 008 250917s9999 xx 000 0 eng d
037 _aTextual
040 _aDSWL
_beng
_cDSWL
041 _aeng
_2eng
084 _qDSWL
100 _aSatyanarayana, M.
_9827877
245 0 _aBusiness organization and Management
_cby M. Satyanarayana
260 _aBombay
_b Vora & co. Publishres Ltd.
_c1960
365 _aINR
_b14
925 _g14
942 _cTEXL
999 _c1442687
_d1442687